000 00890nac a22002771i 4500
003 EG-ScBUE
005 20260419111930.0
008 260419s1984 enka f b 001 0 eng d
020 _a0713164050 (pbk.) :
020 _a9780713164053
040 _aEG-ScBUE
_beng
_erda
_cEG-ScBUE
_dEG-ScBUE
082 0 4 _a551.483
_bKNI
_222
100 1 _aKnighton, David,
_eauthor.
245 1 0 _aFluvial forms and processes /
_cDavid Knighton.
264 1 _aLondon ;
_aBaltimore, Md., U.S.A. :
_bE. Arnold,
_c1984.
300 _a218 pages :
_billustrations ;
_c24 cm
336 _2rdacontent
_atext
_btxt
337 _aunmediated
_2rdamedia
_bn
338 _avolume
_bnc
_2rdacarrier
504 _aIncludes bibliographical references and index.
650 7 _aWatersheds.
_2BUEsh
650 7 _aRiver channels.
_2BUEsh
650 7 _aRivers.
_2BUEsh
655 _vReading book
942 _cBB
_2ddc
999 _c6078
_d6078